00981nam a22002415i 4500001000700000003000900007005001700016008004100033040002000074080001400094100004500108245011000153260006400263300002200327490005900349596003800408650002900446700003600475830006500511852002200576999001900598952012200617157308ES-MaACL20251004063205.0040830q18501900sp |||| | spa d aCAM bspa cCAM a330.84/861 aLaveleye, Émile de, d1822-189297070013aEl socialismo contemporáneo / cpor Emilio de Lavelaye [sic] ; traducción por Manuel Alonso Paniagua. aMadrid : bLa España moderna, c[s.a.] (fImp. de Avrial) a415 p. ; c23 cm.1 aBiblioteca de jurisprudencia, filosofía é historia aImpreso ca. a finales del s. XIX.07aSocialismo2embne9171470 aAlonso Paniagua, Manuel.92037800aBiblioteca de jurisprudencia, filosofía e historia9180691 aES-MaACLjF-14782 c157308d157308 00104070aATENEOMbATENEOMcSPP2d2008-01-17eSSCl0oF-14782p1164622r2023-02-23 00:00:00w2023-02-23yMONOGRAFIA